000 00690nam a2200193Ii 4500
003 JO-AjNU
008 230605s9999||||xx |||||||||||||| ||und||
040 _aJO-AjNU
_bara
_erda
_cJO-AjNU
041 _aara
050 1 4 _aHV 6025.Q2322 2002
100 3 _aالقهوجي، علي عبدالقادر,
_eauthor
_911184
245 0 0 _aاصول علمي الاجرام والعقاب
264 3 1 _aبيروت: منشورات الحلبي الحفوقية، 2002
300 _a552ص
_bيحتوي على ببلوغرافية من 545-552ص
336 _atext
_btxt
_2rdacontent
337 _aunmediated
_bn
_2rdamedia
338 _avolume
_bnc
_2rdacarrier
650 4 _aعلم الاجرام
_911185
999 _aA2192
_c5760
_d5760